000 00426pab a2200169 454500
008 180718bDec xxu||||| |||| 00| 0 eng d
100 _aRais, Rasul Bakhsh
245 _aWill Nawaz Sharif's third tenure be different
260 _cDec
300 _ap.14-19.
362 _aDec
650 _aPakistan - Politics and government
650 _aPolitics and government
773 _aSeminar
908 _aN
909 _a106279
999 _c106274
_d106274